00541nam a2200181Ia 450000500170000000800410001702000230005804000190008104100120010008200160011224500550012826000440018330000130022750400500024065000260029070000330031685000100034920221110114806.0131103s9999 xx 000 0 und d a8125033106cRs 295 aLoreto College aEnglish a954.03bBHA aRethinking 1857cEdited by Sabyasachi Bhattacharya aNew DelhibOrient Longman Pvt Ltdc2008 axl,319p  aIncludes bibliographical references and index aIndia - History,1857- aBhattacharya, Sabyasachi, ed aLCLIB